Nueva literatura económica dominicana : (Registro nro. 14857)

Detalles MARC
000 -LEADER
fixed length control field 02131nam a2200337 a 4500
003 - CONTROL NUMBER IDENTIFIER
control field DO-SdBNP
005 - DATE AND TIME OF LATEST TRANSACTION
control field 20241112092010.0
008 - FIXED-LENGTH DATA ELEMENTS--GENERAL INFORMATION
fixed length control field 130307s2009 dr 000 0 spa d
020 ## - INTERNATIONAL STANDARD BOOK NUMBER
International Standard Book Number 9993430412
040 ## - CATALOGING SOURCE
Original cataloging agency DO-SdBPM
Language of cataloging spa
Transcribing agency BPMSU
082 #4 - DEWEY DECIMAL CLASSIFICATION NUMBER
Classification number 330.97293
Item number N964l 2002
Edition number 22
245 10 - TITLE STATEMENT
Title Nueva literatura económica dominicana :
Remainder of title Premios del Concurso de Economía Biblioteca "Juan Pablo Duarte" 2002/
Statement of responsibility, etc. Peter Prazmowski... [y otros] ; edición Grey S. de Raful y Betania Corletto
260 ## - PUBLICATION, DISTRIBUTION, ETC. (IMPRINT)
Place of publication, distribution, etc. Santo Domingo :
Name of publisher, distributor, etc. Banco Central de la República Dominicana,
Date of publication, distribution, etc. 2002
300 ## - PHYSICAL DESCRIPTION
Extent 280 p. ;
Dimensions 24 cm.
490 0# - SERIES STATEMENT
Series statement Banco Central de la República Dominicana;
-- nueva literatura económica,
Volume/sequential designation 51/5
500 ## - GENERAL NOTE
General note Incluye referencias bibliográficas y notas al pie de las páginas
500 ## - GENERAL NOTE
General note Primios del Concurso de Economía "Biblioteca Juan Pablo Duarte"2001
505 0# - FORMATTED CONTENTS NOTE
Title Consumo, ahorro y la teoría del ciclo vital estocástico con movilidad parcial de capitales : el caso de la República Dominicana
Statement of responsibility Peter A. Prazmowski --
Title La programación financiera y la gestión pública /
Statement of responsibility Rodrigo Jaque García --
Title Dominicana en la era de la globalización /
Statement of responsibility Jerson del Rosario --
Title Situación de desempeño de Fondos de Pensiones
Statement of responsibility Felipe Antonio Llaugel --
Title Viabilidad del comercio electrónico en el mercado dominicano /
Statement of responsibility Marjorie Castillo Tezanos
Title Colección del Banco Central de la República Dominicana.
586 ## - AWARDS NOTE
Awards note Premios del Concurso de Economía Biblioteca "Juan Pablo Duarte"
590 ## - LOCAL NOTE (RLIN)
Local note Inventariado, 2024/VM
650 #4 - SUBJECT ADDED ENTRY--TOPICAL TERM
Topical term or geographic name as entry element Mercado laboral
Geographic subdivision República Dominicana
Form subdivision Congresos, conferencias, etc.
650 #4 - SUBJECT ADDED ENTRY--TOPICAL TERM
Topical term or geographic name as entry element Registro civil
Geographic subdivision República Dominicana
Form subdivision Congresos, conferencias, etc.
650 #4 - SUBJECT ADDED ENTRY--TOPICAL TERM
Topical term or geographic name as entry element Estabilidad económica
Geographic subdivision República Dominicana
Form subdivision Congreos, conferencias, etc.
650 #4 - SUBJECT ADDED ENTRY--TOPICAL TERM
Topical term or geographic name as entry element Seguridad social
Geographic subdivision República Dominicana
Form subdivision Congresos, conferencias, etc.
700 1# - ADDED ENTRY--PERSONAL NAME
Personal name Prazmowski, Peter
Relator term
700 1# - ADDED ENTRY--PERSONAL NAME
Personal name Raful, Grey S. de
Relator term editor
700 1# - ADDED ENTRY--PERSONAL NAME
Personal name Corletto, Betania
Relator term editor
710 2# - ADDED ENTRY--CORPORATE NAME
Corporate name or jurisdiction name as entry element Banco Central de la República Dominicana
910 ## - USER-OPTION DATA (OCLC)
User-option data VMateo V. Control de calidad. BPMSU
942 ## - ADDED ENTRY ELEMENTS (KOHA)
Source of classification or shelving scheme Dewey Decimal Classification
Koha item type Libros
Existencias
Withdrawn status Lost status Source of classification or shelving scheme Damaged status Not for loan Collection code Home library Current library Date acquired Total Checkouts Full call number Barcode Date last seen Price effective from Koha item type
    Dewey Decimal Classification     Colección Dominicana Biblioteca Pública Metropolitana Salomé Ureña Biblioteca Pública Metropolitana Salomé Ureña 11/12/2024   BPMSU CD 330.97293 N964l 2002 BPMSU24110020 11/12/2024 11/12/2024 Libros